| 000 | 00618nam a22001697a 4500 | ||
|---|---|---|---|
| 999 |
_c63843 _d63843 |
||
| 003 | Ge_BSU | ||
| 005 | 20260203195903.0 | ||
| 008 | 260203s2011 ge ||||| |||| 00| 0 geo d | ||
| 041 | _ageo | ||
| 080 | _a342.4(479.22) ს-32 | ||
| 100 |
_a _926796 |
||
| 245 |
_aსაქართველოს კონსტიტუცია : _b2011 წლის 15 თებერვლის მდგომარეობით. |
||
| 264 |
_aბათუმი, _c2011. |
||
| 300 |
_a256 გვ. ; _b21 სმ. |
||
| 653 | _aსაქართველოს კონსტიტუცია | ||
| 942 |
_2udc _cᲬᲘᲒᲜᲘ |
||